00647nam a2200217Ia 450000500170000000800410001704000190005804100120007708200140008910000260010324500530012925000270018226000260020930000110023550400190024665000150026585000120028094200070029299900170029995201130031620240319133026.0131103s9999 xx 000 0 und d aLoreto College aEnglish a150 bHUR aHurlock, Elizabeth B. aDevelopmental Psychology cElizabeth B.Hurlock a A life-span approach  a[s.l.]b[s,n.]c[19?] a477p.  aIncludes index aPsychology aLCBED  cBK c26888d77367 00102ddc4070aMAINbMAINd2013-11-04l2o150 HUR 9005pB29730r2014-03-31s2014-03-26w2013-11-04yBKf